Statistisches Jahrbuch 1991 für das vereinte Deutschland

Uložené v:
Podrobná bibliografia
Médium: Kniha
Jazyk:German
Vydavateľské údaje: Wiesbaden Statistisches Bundesamt 1991
Vydanie:1. Aufl.
Predmet:
Tagy: Pridať tag
Žiadne tagy, Buďte prvý, kto otaguje tento záznam!

MARC

LEADER 00000nam a2200000 4500
001 c005288
005 20221214094925.2
020 |a 3-8246-0078-1 
041 0 |a ger 
044 |a DE 
245 1 0 |a Statistisches Jahrbuch 1991 für das vereinte Deutschland 
250 |a 1. Aufl. 
264 1 |a Wiesbaden  |b Statistisches Bundesamt  |c 1991 
300 |a 730 s. 
610 2 0 |a Nemecko 
610 2 0 |a východné Nemecko 
610 2 0 |a údaje štatistické